| 000 | 00945nam a22002057a 4500 | ||
|---|---|---|---|
| 003 | OSt | ||
| 005 | 20160620105536.0 | ||
| 008 | 150407b slv spa | ||
| 040 | _cBMC | ||
| 082 | _a372.07 | ||
| 100 | 1 |
_934322 _aZarceño Mendoza, Marleni Patricia |
|
| 245 | 1 |
_aPasantía en el Centro Escolar Colonia Santa Leonor de Santa Ana _b: Informe final |
|
| 260 |
_aSanta Ana (El Salvador) _bUniversidad Católica de El Salvador _c[2012?] |
||
| 300 |
_a1 folleto (25 h.) _bil. col. _c27 cm _e+ 1 disco compacto |
||
| 500 | _aPrecede al tít.: Universidad Católica de El Salvador, Facultad de Ciencias y Humanidades | ||
| 502 | _aTrabajo de graduación para optar al grado académico de Licenciatura en Ciencias de la Educación con Especialidad en Educación Básica | ||
| 650 | 2 | 4 |
_97306 _aEducación Primaria _xDidáctica |
| 710 | 2 |
_91075 _aUniversidad Católica de El Salvador _bFacultad de Ciencias y Humanidades |
|
| 942 |
_2ddc _cTG |
||
| 999 |
_c20873 _d20873 |
||